00377nam a2200133Ia 4500008004100000040001900041041001200060082003300072100002500105245003200130260004500162300001700207650001900224131103s9999 xx 000 0 und d aLoreto College aEnglish aTAG/891.441/TAGbLCLIB/BnSem aTagore, Rabindranath aChandacRabindranath Tagore aCalcuttabViswa-bharati Granthalayc1937 a239p c 18cm aBengali Poetry